[Event "66. BEM 2012"]
[Site "Dortmund"]
[Date "2012.02.27"]
[Round "1.2"]
[White "Jelica, Mara"]
[Black "Reinacher, Detlev"]
[Result "1-0"]
[WhiteElo "2221"]
[BlackElo "1650"]
[Annotator "P. Schulenburg"]
[PlyCount "67"]
[EventDate "2012.??.??"]
[Source "SG Dortmund"]
[SourceDate "2004.12.16"]

1. e4 d6 2. d4 g6 3. Nc3 Bg7 4. Be3 Nf6 5. f3 c6 6. Qd2 Nbd7 7. Bh6 O-O 8. h4
Qc7 9. Nge2 e5 10. Bxg7 Kxg7 11. h5 exd4 12. Nxd4 Ne5 13. hxg6 fxg6 14. O-O-O
Nh5 15. Nf5+ Bxf5 16. exf5 Ng3 17. f6+ Rxf6 18. Qh6+ Kg8 19. Qg5 Nxh1 20. Qxf6
Ng3 21. Rxd6 Re8 22. Re6 Rxe6 23. Qxe6+ Kf8 24. Qf6+ Kg8 25. Bd3 Nxd3+ 26. cxd3
Nf5 27. Ne4 Qf4+ 28. Kb1 Qe3 29. Qd8+ Kg7 30. a3 Nd4 31. Qe7+ Kh6 32. Qf8+ Kh5
33. g4+ Kh4 34. Qe7+ {und Schwarz gab auf, weil seine Dame verloren geht.} 1-0

[Event "66. BEM 2012"]
[Site "Dortmund"]
[Date "2012.02.27"]
[Round "1.3"]
[White "Gegner, Michael"]
[Black "Schiefelbusch, Dirk"]
[Result "0-1"]
[WhiteElo "1613"]
[BlackElo "2048"]
[Annotator "P. Schulenburg"]
[PlyCount "42"]
[EventDate "2012.??.??"]
[Source "SG Dortmund"]
[SourceDate "2004.12.16"]

1. d4 d5 2. e4 dxe4 3. Nc3 Bf5 4. f3 exf3 5. Nxf3 e6 6. Bc4 Nf6 7. Nh4 Bg4 8.
Qd3 Nc6 9. Bb5 Qd6 10. h3 Bh5 11. g4 Bg6 12. Nxg6 hxg6 13. g5 Nd5 14. Ne4 Qd7
15. c3 Be7 16. Bd2 a6 17. Ba4 Nb6 18. Bc2 O-O-O 19. O-O-O e5 20. Bb3 exd4 21.
Bxf7 Ne5 0-1

[Event "66. BEM 2012"]
[Site "Dortmund"]
[Date "2012.02.27"]
[Round "1.4"]
[White "Begna, Bozidar"]
[Black "Milonas, Georgios"]
[Result "1-0"]
[WhiteElo "2000"]
[BlackElo "1583"]
[Annotator "P. Schulenburg"]
[PlyCount "73"]
[EventDate "2012.??.??"]
[Source "SG Dortmund"]
[SourceDate "2004.12.16"]

1. Nf3 Nf6 2. c4 e6 3. g3 d5 4. Bg2 Be7 5. O-O O-O 6. b3 Nbd7 7. Bb2 c6 8. d3
b6 9. Nbd2 Bb7 10. cxd5 exd5 11. d4 Re8 12. Re1 Nf8 13. Ne5 c5 14. e3 Rc8 15.
Rc1 cxd4 16. exd4 Ne6 17. Ndc4 Bb4 18. Re3 b5 19. Nd2 Rxc1 20. Qxc1 Qc8 21. Qd1
Qa8 22. a3 Ba5 23. b4 Bb6 24. Nb3 Ne4 25. Qh5 Rf8 26. Nd7 Rd8 27. Nxb6 axb6 28.
Bxe4 dxe4 29. Qxb5 Rd6 30. h4 h6 31. Qe5 Rd5 32. Qxe4 Rxd4 33. Qc2 Bh1 34. f3
Rxh4 35. gxh4 Bxf3 36. Qf5 Bd1 37. Nd4 1-0

[Event "66. BEM 2012"]
[Site "Dortmund"]
[Date "2012.02.27"]
[Round "1.5"]
[White "Duschek, Günter"]
[Black "Zelt, Jens"]
[Result "0-1"]
[WhiteElo "1580"]
[BlackElo "1993"]
[Annotator "P. Schulenburg"]
[PlyCount "74"]
[EventDate "2012.??.??"]
[Source "SG Dortmund"]
[SourceDate "2004.12.16"]

1. d4 d6 2. Bf4 c6 3. Nf3 Nf6 4. c3 g6 5. e3 Nh5 6. Bg3 Nxg3 7. hxg3 Bg7 8.
Nbd2 b5 9. a4 Bd7 10. axb5 cxb5 11. Qb3 a6 12. c4 bxc4 13. Bxc4 e6 14. Qd3 d5
15. Bb3 Qb6 16. Qc3 O-O 17. Qa5 Qb7 18. O-O Nc6 19. Qa3 Rfb8 20. Rab1 Bf8 21.
Qa1 Nb4 22. Ba4 Bb5 23. Rfe1 Qd7 24. Ne5 Qe8 25. Bd1 f6 26. Ng4 Qd8 27. Kh1 Rc8
28. b3 Kf7 29. e4 h5 30. Nh2 Nd3 31. Rf1 Bb4 32. Nhf3 Bc3 33. Qa3 Nb4 34. Re1
dxe4 35. Rxe4 Bd3 36. Rf4 {(=)} 36... Bxb1 37. Nxb1 Nd5 {
und Weiss ueberschritt die Zeit.} 0-1

[Event "66. BEM 2012"]
[Site "Dortmund"]
[Date "2012.02.27"]
[Round "1.6"]
[White "Kropp, Andreas"]
[Black "Benke, Werner"]
[Result "1-0"]
[WhiteElo "1940"]
[BlackElo "1518"]
[Annotator "P. Schulenburg"]
[PlyCount "219"]
[EventDate "2012.??.??"]
[Source "SG Dortmund"]
[SourceDate "2004.12.16"]

1. d4 d5 2. Nf3 Nf6 3. c4 e6 4. Nc3 Be7 5. Bf4 Bd6 6. Bg5 Be7 7. e3 O-O 8. Qc2
Nbd7 9. cxd5 exd5 10. Bd3 h6 11. Bf4 a6 12. Rd1 Re8 13. Ne5 Bd6 14. Nxd7 Qxd7
15. Bxd6 Qxd6 16. a3 Bg4 17. Rc1 c6 18. O-O Bd7 19. h3 Rac8 20. Na4 Rb8 21.
Rfe1 Re7 22. b4 Rbe8 23. Nc5 Bc8 24. Bf5 Bxf5 25. Qxf5 Ne4 26. Qf3 Nd2 27. Qd1
Nc4 28. Qb3 Kf8 29. Qc3 f5 30. a4 Ra8 31. Qc2 Qf6 32. Qb3 Qf7 33. Nd3 Rae8 34.
Qc3 Qf6 35. b5 axb5 36. axb5 Rc7 37. Rb1 Qd6 38. Rec1 Rec8 39. Qb4 Qxb4 40.
Nxb4 Ke7 41. Nd3 Ke6 42. b6 Re7 43. Rc3 Ra8 44. Nc5+ Kd6 45. Rb4 Ra1+ 46. Kh2
Ra2 47. Kg3 Nd2 48. Kf4 Nc4 49. Nd3 g6 50. g4 Re4+ 51. Kg3 fxg4 52. hxg4 g5 53.
Nc5 Re7 54. Rc1 Nxe3 55. Nxb7+ Rxb7 56. fxe3 Ra6 57. Rh1 Raxb6 58. Rxh6+ Kc7
59. Rh7+ Kc8 60. Rh8+ Kc7 61. Ra4 Rb1 62. Ra2 Rg1+ 63. Kf3 Rf1+ 64. Rf2 Rxf2+
65. Kxf2 Kb6 66. Rg8 Rf7+ 67. Ke2 c5 68. Rxg5 cxd4 69. exd4 Kc6 70. Re5 Ra7 71.
Re6+ Kd7 72. Rg6 Ra3 73. g5 Ke7 74. Rf6 Rg3 75. Rf5 Ke6 76. Re5+ Kd6 77. Kd2
Kc6 78. Ke2 Kd6 79. Kf2 Rg4 80. Ke3 Rh4 81. Rf5 Re4+ 82. Kd3 Rg4 83. Kc3 Ke6
84. Rf6+ Ke7 85. Rg6 Kf7 86. Rd6 Rxg5 87. Kb4 Ke7 88. Kc5 Rg4 89. Rxd5 Rg1 90.
Re5+ Kd7 91. Kd5 Ra1 92. Re3 Ra5+ 93. Ke4 Kd6 94. Rh3 Ra1 95. Rh6+ Ke7 96. Kd5
Rd1 97. Rh7+ Kd8 98. Ke5 Re1+ 99. Kd6 Ke8 100. d5 Rd1 101. Re7+ Kd8 102. Ra7
Ke8 103. Ra8+ Kf7 104. Kc6 Ke7 105. Ra7+ Kd8 106. Ra5 Ke7 107. Rc5 Kd8 108. Rc2
Ra1 109. Kd6 Rh1 110. Re2 {und hier wurde nicht notiert, warum Schwarz verlor.
Vermutlich ueberschritt er die Zeit.} 1-0

[Event "66. BEM 2012"]
[Site "Dortmund"]
[Date "2012.02.27"]
[Round "1.7"]
[White "Vogt, Christian"]
[Black "Simon, Thomas"]
[Result "0-1"]
[WhiteElo "1499"]
[BlackElo "1904"]
[Annotator "P. Schulenburg"]
[PlyCount "68"]
[EventDate "2012.??.??"]
[Source "SG Dortmund"]
[SourceDate "2004.12.16"]

1. d4 Nf6 2. c4 e6 3. Nc3 Bb4 4. Bd2 O-O 5. e3 d5 6. Nf3 c6 7. Bd3 Nbd7 8. O-O
Re8 9. a3 Bf8 10. Ne5 c5 11. Qc2 b6 12. b4 dxc4 13. Bxc4 Bb7 14. Nxd7 Qxd7 15.
Bb5 Bc6 16. Bxc6 Qxc6 17. dxc5 bxc5 18. bxc5 Qxc5 19. Rfc1 Rac8 20. Qa4 Qd6 21.
Be1 a6 22. Rd1 Qc6 23. Qxc6 Rxc6 24. Ne2 Nd5 25. Nd4 Rc4 26. Rdc1 Rxc1 27. Rxc1
Bxa3 28. Ra1 Bb4 29. Bxb4 Nxb4 30. Ra4 Rb8 31. Kf1 g6 32. Nb3 Nd5 33. Nd4 Rb1+
34. Ke2 Nc3+ 0-1

[Event "66. BEM 2012"]
[Site "Dortmund"]
[Date "2012.02.27"]
[Round "1.8"]
[White "Hoppe, Dirk"]
[Black "Gennat, Egon L"]
[Result "1-0"]
[WhiteElo "1865"]
[BlackElo "1490"]
[Annotator "P. Schulenburg"]
[PlyCount "29"]
[EventDate "2012.??.??"]
[Source "SG Dortmund"]
[SourceDate "2004.12.16"]

1. e4 d5 2. exd5 Qxd5 3. Nc3 Qd6 4. d4 a6 5. Nf3 b5 6. Bd3 Nf6 7. Qe2 Bb7 8.
Ne4 Nxe4 9. Bxe4 Nc6 10. c3 g6 11. Ne5 Bg7 12. Bf4 Qf6 13. Qf3 Nxe5 14. dxe5
Bxe4 15. Qxe4 1-0

[Event "66. BEM 2012"]
[Site "Dortmund"]
[Date "2012.02.27"]
[Round "1.9"]
[White "Hlopotov, Nikita"]
[Black "Gitschel, Ralf"]
[Result "0-1"]
[WhiteElo "1405"]
[BlackElo "1860"]
[Annotator "P. Schulenburg"]
[PlyCount "56"]
[EventDate "2012.??.??"]
[Source "SG Dortmund"]
[SourceDate "2004.12.16"]

1. e4 c5 2. Nf3 Nc6 3. Nc3 g6 4. Bc4 Bg7 5. d3 d6 6. Be3 Nf6 7. d4 cxd4 8. Nxd4
O-O 9. O-O Ng4 10. Nxc6 bxc6 11. Bg5 Rb8 12. Bb3 h6 13. Bh4 Nf6 14. f4 Ng4 15.
Qd3 Qb6+ 16. Kh1 Ba6 17. Qg3 Bxf1 18. Qxg4 Bc4 19. Bxe7 Rfe8 20. Bxd6 Rbd8 21.
e5 Bxb3 22. cxb3 Qf2 23. Rb1 Rxd6 24. Rg1 Rd4 25. Ne2 Re4 26. Qd7 Re6 27. Nc1
Re1 28. Qd1 Qxg1# 0-1

[Event "66. BEM 2012"]
[Site "Dortmund"]
[Date "2012.02.27"]
[Round "1.10"]
[White "Zachos, Ingo"]
[Black "Siwy, Boguslaw"]
[Result "1-0"]
[WhiteElo "1851"]
[BlackElo "1403"]
[Annotator "P. Schulenburg"]
[PlyCount "55"]
[EventDate "2012.??.??"]
[Source "SG Dortmund"]
[SourceDate "2004.12.16"]

1. a3 d5 2. Nf3 g6 3. c4 c6 4. e3 Bg7 5. Nc3 e5 6. cxd5 cxd5 7. Bb5+ Nc6 8. d4
e4 9. Ne5 Bxe5 10. dxe5 a6 11. Ba4 Be6 12. b4 Qg5 13. g3 b5 14. Bc2 Nxe5 15. h4
Qf5 16. Bb2 Nf3+ 17. Kf1 Nf6 18. a4 O-O 19. axb5 axb5 20. Nxb5 Bd7 21. Nd4 Nxd4
22. Qxd4 Kg7 23. h5 g5 24. Bd1 Rxa1 25. Bxa1 Rg8 26. Bg4 Qxg4 27. Qxf6+ Kf8 28.
Qd8+ 1-0

[Event "66. BEM 2012"]
[Site "Dortmund"]
[Date "2012.02.27"]
[Round "1.11"]
[White "Grawe, Herbert"]
[Black "Lauche, Christoph"]
[Result "0-1"]
[WhiteElo "1385"]
[BlackElo "1841"]
[Annotator "P. Schulenburg"]
[PlyCount "76"]
[EventDate "2012.??.??"]
[Source "SG Dortmund"]
[SourceDate "2004.12.16"]

1. Nc3 c5 2. e4 Nc6 3. a3 e6 4. Bc4 Nf6 5. d3 Be7 6. f4 d5 7. exd5 exd5 8. Ba2
O-O 9. Nf3 d4 10. Ne2 Nd5 11. O-O f5 12. Ng5 h6 13. Nf3 Kh7 14. Ng3 Qd6 15. Ne5
Nxe5 16. fxe5 Qxe5 17. Re1 Ne3 18. Qe2 f4 19. Ne4 Bg4 20. Qf2 Qh5 21. b4 Bh4
22. Qd2 Bxe1 23. Qxe1 Nxc2 24. Qf2 Nxa1 25. Bxf4 g5 26. bxc5 Rxf4 27. Nf6+ Rxf6
28. Qxf6 Qe8 29. h3 Bh5 30. Be6 Bg6 31. Kh2 Qf8 32. Qxd4 Qf4+ 33. Qxf4 gxf4 34.
d4 Rd8 35. d5 Be4 36. d6 Nc2 37. Ba2 Nxa3 38. h4 b6 0-1

[Event "66. BEM 2012"]
[Site "Dortmund"]
[Date "2012.02.27"]
[Round "1.12"]
[White "Morawietz, Manuel"]
[Black "Strotmann, Dieter"]
[Result "1-0"]
[WhiteElo "1836"]
[BlackElo "1362"]
[Annotator "P. Schulenburg"]
[PlyCount "47"]
[EventDate "2012.??.??"]
[Source "SG Dortmund"]
[SourceDate "2004.12.16"]

1. e4 d6 2. d4 g6 3. f4 e6 4. Nf3 Bg7 5. Bd3 Ne7 6. O-O O-O 7. Be3 Nbc6 8. c3
Bd7 9. Qd2 f5 10. e5 dxe5 11. fxe5 Nd5 12. Bg5 Qe8 13. Na3 a6 14. Nc2 b5 15. a4
Rb8 16. axb5 axb5 17. b3 Nce7 18. c4 bxc4 19. bxc4 Nb6 20. Nb4 Bc8 21. Bxe7 Rf7
22. Bg5 Bb7 23. Ra5 Rd7 24. Be3 1-0

[Event "66. BEM 2012"]
[Site "Dortmund"]
[Date "2012.02.27"]
[Round "1.13"]
[White "Heselmeyer, Wolfgang"]
[Black "Rossa, Daniel"]
[Result "0-1"]
[WhiteElo "1349"]
[BlackElo "1811"]
[Annotator "P. Schulenburg"]
[PlyCount "64"]
[EventDate "2012.??.??"]
[Source "SG Dortmund"]
[SourceDate "2004.12.16"]

1. d4 Nf6 2. c4 g6 3. Nc3 Bg7 4. e4 O-O 5. Nf3 d6 6. Be2 e5 7. d5 a5 8. b3 Na6
9. Nd2 Nc5 10. Ba3 Nfd7 11. O-O f5 12. f3 Bh6 13. Bc1 Be3+ 14. Kh1 Bd4 15. Ndb1
fxe4 16. fxe4 Nxe4 17. Nxe4 Bxa1 18. Bg5 Rxf1+ 19. Qxf1 Qf8 20. Bf3 h6 21. Be3
Nc5 22. Nxc5 dxc5 23. Nd2 Bd4 24. Qe2 Bxe3 25. Qxe3 Qf4 26. Qe2 Bf5 27. g3 Qd4
28. Ne4 Rf8 29. Kg2 Kg7 30. g4 Bxe4 31. Bxe4 Rf4 32. Bf3 e4 0-1

[Event "66. BEM 2012"]
[Site "Dortmund"]
[Date "2012.02.27"]
[Round "1.15"]
[White "Koch, Detlev"]
[Black "Horenburg, Oliver"]
[Result "0-1"]
[WhiteElo "1341"]
[BlackElo "1762"]
[Annotator "P. Schulenburg"]
[PlyCount "76"]
[EventDate "2012.??.??"]
[Source "SG Dortmund"]
[SourceDate "2004.12.16"]

1. d4 d5 2. c4 c6 3. Nf3 Nf6 4. Nc3 e6 5. Bg5 dxc4 6. a4 Bb4 7. e3 Qa5 8. Qc2
Nd5 9. Rc1 b5 10. Nd2 Bxc3 11. bxc3 a6 12. axb5 axb5 13. Ne4 Qc7 14. Bh4 Nd7
15. Bg3 Qa5 16. Nd6+ Ke7 17. Be2 Qa2 18. O-O Qxc2 19. Rxc2 Ra3 20. Ne4 Ra7 21.
Bd6+ Ke8 22. Bc5 Nxc5 23. Nxc5 f6 24. e4 Nf4 25. Bf3 Kf7 26. g3 Nh3+ 27. Kh1
Ng5 28. Bg2 e5 29. dxe5 fxe5 30. f4 Ne6 31. Nxe6 Kxe6 32. Bh3+ Ke7 33. Bg2 Rf8
34. Rff2 Ra1+ 35. Bf1 Bh3 36. Kg1 Rxf1+ 37. Rxf1 Bxf1 38. Kxf1 exf4 0-1

[Event "66. BEM 2012"]
[Site "Dortmund"]
[Date "2012.02.27"]
[Round "1.16"]
[White "Sonntag, Joachim"]
[Black "Jentzsch, Werner Wilfried"]
[Result "1-0"]
[WhiteElo "1752"]
[BlackElo "1317"]
[Annotator "P. Schulenburg"]
[PlyCount "149"]
[EventDate "2012.??.??"]
[Source "SG Dortmund"]
[SourceDate "2004.12.16"]

1. e4 c5 2. Nf3 Nc6 3. d4 cxd4 4. Nxd4 e5 5. Nb3 Nf6 6. Nc3 Bb4 7. Bd3 d6 8.
O-O Bg4 9. f3 Qb6+ 10. Kh1 Bh5 11. Na4 Qc7 12. Be3 b6 13. Rc1 Rd8 14. Qe2 h6
15. Qf2 Bc5 16. Nc3 Bxe3 17. Qxe3 O-O 18. Rcd1 Ra8 19. Nb5 Qb8 20. Bc4 Rd8 21.
Rd2 a6 22. Nc3 b5 23. Be2 b4 24. Nd5 Nxd5 25. Rxd5 f6 26. Rfd1 Bf7 27. R5d2 a5
28. a4 bxa3 29. bxa3 Bxb3 30. cxb3 Nd4 31. Bc4+ Kh7 32. f4 Qb6 33. h4 Rab8 34.
a4 Nxb3 35. Qxb6 Rxb6 36. Rb2 Rdb8 37. Rdb1 Nd2 38. Rxb6 Rxb6 39. Rxb6 Nxc4 40.
Rc6 Nb2 41. Rxd6 Nxa4 42. fxe5 fxe5 43. Rd5 Nc3 44. Rxa5 Nxe4 45. Rxe5 Nf2+ 46.
Kg1 Ng4 47. Re6 Nf6 48. Kf2 Kg6 49. Kf3 Kf5 50. Ra6 g5 51. Ra4 g4+ 52. Ke2 Ne4
53. Ke3 Nf6 54. Ra5+ Kg6 55. Kf4 h5 56. Ra6 Kf7 57. Kg5 Ne4+ 58. Kxh5 g3 59.
Kg4 Kg7 60. Kf4 Nc5 61. Rc6 Nd3+ 62. Kxg3 Ne5 63. Re6 Nd3 64. Kf3 Nc5 65. Rd6
Nb3 66. Kf4 Nc5 67. Kf5 Kf7 68. h5 Ke7 69. Rg6 Kf7 70. Rc6 Nd3 71. Rc7+ Kg8 72.
h6 Ne1 73. Kg6 Kf8 74. h7 Nxg2 75. h8=R# 1-0

[Event "66. BEM 2012"]
[Site "Dortmund"]
[Date "2012.02.27"]
[Round "1.17"]
[White "Krüger, Inge"]
[Black "Cogan, Leonid"]
[Result "0-1"]
[WhiteElo "1303"]
[BlackElo "1748"]
[Annotator "P. Schulenburg"]
[PlyCount "66"]
[EventDate "2012.??.??"]
[Source "SG Dortmund"]
[SourceDate "2004.12.16"]

1. d4 Nf6 2. c4 e6 3. Nc3 c5 4. Nf3 cxd4 5. Nxd4 a6 6. e3 Bb4 7. Qc2 d5 8. Be2
O-O 9. O-O Ba5 10. cxd5 exd5 11. a3 Nc6 12. b4 Bb6 13. Nxc6 bxc6 14. Bb2 Qd6
15. Rfd1 Bg4 16. h3 Bc7 17. Bxg4 Nxg4 18. hxg4 Qh2+ 19. Kf1 Qh1+ 20. Ke2 Qxg2
21. Rg1 Qh3 22. Kd3 g6 23. Ne2 Qf3 24. Nc3 Be5 25. Qe2 Qf6 26. Na4 Rfd8 27.
Bxe5 Qxe5 28. Nc5 d4 29. e4 a5 30. Nb3 axb4 31. axb4 Qb5+ 32. Kd2 Qxb4+ 33. Kc1
Qxb3 0-1

[Event "66. BEM 2012"]
[Site "Dortmund"]
[Date "2012.02.27"]
[Round "1.18"]
[White "Schultz, Bernfried"]
[Black "Wangrin, Stefan A"]
[Result "1-0"]
[WhiteElo "1739"]
[BlackElo "1165"]
[Annotator "P. Schulenburg"]
[PlyCount "81"]
[EventDate "2012.??.??"]
[Source "SG Dortmund"]
[SourceDate "2004.12.16"]

1. e4 e5 2. Nf3 Nc6 3. d4 d6 4. Bc4 Be7 5. O-O Nf6 6. Nc3 Bg4 7. Bb5 O-O 8.
Bxc6 Bxf3 9. Qxf3 exd4 10. Bxb7 Rb8 11. Ne2 Rxb7 12. e5 d5 13. exf6 Bxf6 14.
Nf4 c6 15. Rb1 Qa5 16. a3 Re8 17. b4 Qd8 18. Bb2 a5 19. Nd3 axb4 20. axb4 Rbe7
21. Rbe1 Re4 22. Qd1 Qd6 23. Nc5 Be5 24. g3 Bxg3 25. fxg3 Re3 26. Kg2 Qg6 27.
Rxe3 Rxe3 28. Bxd4 Re8 29. Rf2 h5 30. Qf3 Re7 31. Qf5 Qxf5 32. Rxf5 Re2+ 33.
Rf2 Re7 34. Nd3 Kh7 35. Ne5 Ra7 36. Nxc6 Ra4 37. Rxf7 Ra2 38. Rxg7+ Kh6 39. Ne7
Rxc2+ 40. Kf3 Rc6 41. Nf5# $1 1-0

[Event "66. BEM 2012"]
[Site "Dortmund"]
[Date "2012.02.27"]
[Round "1.19"]
[White "Skoecz, Horst"]
[Black "Tekin, Baran"]
[Result "0-1"]
[WhiteElo "1164"]
[BlackElo "1737"]
[Annotator "P. Schulenburg"]
[PlyCount "72"]
[EventDate "2012.??.??"]
[Source "SG Dortmund"]
[SourceDate "2004.12.16"]

1. e4 d6 2. d4 g6 3. Be2 Bg7 4. c3 a6 5. Na3 b5 6. Bf3 Bb7 7. Nh3 Nd7 8. Ng5 h6
9. Nh3 c5 10. d5 b4 11. Nb1 a5 12. Bd2 Ne5 13. b3 Nd3+ 14. Kf1 Qc7 15. Qc2 Ne5
16. Be2 Bc8 17. a3 bxa3 18. Rxa3 Bxh3 19. gxh3 Qd7 20. Kg2 Qb7 21. f4 Nd7 22.
Qd3 Ngf6 23. b4 axb4 24. Rxa8+ Qxa8 25. cxb4 cxb4 26. Bxb4 Qa4 27. Qc4 O-O 28.
Bd1 Qa7 29. Bd2 Nb6 30. Qd3 Nfd7 31. Be3 Qa2+ 32. Be2 Rc8 33. Rc1 Rxc1 34. Bxc1
Nc5 35. Qa3 Qxe2+ 36. Kg3 Nxe4+ 0-1

[Event "66. BEM 2012"]
[Site "Dortmund"]
[Date "2012.02.27"]
[Round "1.20"]
[White "Schulz-Runge, Michael"]
[Black "Dirks, Rainer"]
[Result "1-0"]
[WhiteElo "1732"]
[BlackElo "1120"]
[Annotator "P. Schulenburg"]
[PlyCount "55"]
[EventDate "2012.??.??"]
[Source "SG Dortmund"]
[SourceDate "2004.12.16"]

1. e4 e5 2. Nf3 Nc6 3. Bc4 f6 4. O-O Nge7 5. b4 d5 6. exd5 Nxb4 7. c3 Nbxd5 8.
Qb3 c6 9. a4 Qb6 10. Qa2 Bg4 11. Ne1 O-O-O 12. Na3 Bf5 13. Nac2 g5 14. d4 e4
15. a5 Qc7 16. Qb3 h5 17. Ne3 Be6 18. Ba3 Qxa5 19. Bxe7 Qxa1 20. Bxd8 Kxd8 21.
Nxd5 b5 22. Nc2 Qa4 23. Qxa4 bxa4 24. Nde3 Bd7 25. Rb1 Bd6 26. Rb7 Ke7 27. Nf5+
Kd8 28. Nxd6 1-0

[Event "66. BEM 2012"]
[Site "Dortmund"]
[Date "2012.02.27"]
[Round "1.21"]
[White "Böckmann, Lieselotte"]
[Black "Hlopotov, Oleg"]
[Result "0-1"]
[WhiteElo "930"]
[BlackElo "1701"]
[Annotator "P. Schulenburg"]
[PlyCount "76"]
[EventDate "2012.??.??"]
[Source "SG Dortmund"]
[SourceDate "2004.12.16"]

1. c4 e5 2. Nc3 Nf6 3. Nf3 Nc6 4. e3 b6 5. Be2 Bb7 6. O-O d5 7. cxd5 Nxd5 8.
Ne4 Nf6 9. Nc3 a6 10. Rb1 Bd6 11. d3 O-O 12. a3 Re8 13. b4 Ne7 14. e4 Ng6 15.
Bg5 h6 16. Bxf6 Qxf6 17. Nd2 Nf4 18. Bg4 Nxd3 19. f3 c5 20. Nd5 Bxd5 21. exd5
Nf4 22. Ne4 Qg6 23. Nxd6 Qxd6 24. Re1 c4 25. Bf5 g6 26. Bc2 Qxd5 27. Qc1 Nd3
28. Qd2 Qd4+ 29. Re3 e4 30. Kh1 c3 31. Qe2 Nf4 32. Qf2 Qd2 33. Qxd2 cxd2 34.
fxe4 Rac8 35. Bd1 Rc1 36. Reb3 Rxe4 37. h3 Re1+ 38. Kh2 Rexd1 0-1

[Event "66. BEM 2012"]
[Site "Dortmund"]
[Date "2012.02.27"]
[Round "1.22"]
[White "Ziemek, Gerhard"]
[Black "Schmidt, Andreas N"]
[Result "1-0"]
[WhiteElo "1669"]
[BlackElo "792"]
[Annotator "P. Schulenburg"]
[PlyCount "35"]
[EventDate "2012.??.??"]
[Source "SG Dortmund"]
[SourceDate "2004.12.16"]

1. d4 Nf6 2. Nc3 d5 3. Bg5 e6 4. e4 Be7 5. e5 Ne4 6. Bxe7 Qxe7 7. Nxe4 dxe4 8.
c3 O-O 9. Qg4 f5 10. Qf4 (10. exf6 $1 Qxf6 11. Qg3) 10... b6 11. Nh3 h6 12. Bc4
Bb7 13. Qe3 Nd7 (13... g5) 14. Nf4 c5 15. Bxe6+ Kh8 16. Ng6+ Kh7 17. Nxe7 cxd4
18. cxd4 1-0

[Event "66. BEM 2012"]
[Site "Dortmund"]
[Date "2012.02.28"]
[Round "2.1"]
[White "Schmittdiel, Eckhard"]
[Black "Morawietz, Manuel"]
[Result "1-0"]
[WhiteElo "2408"]
[BlackElo "1836"]
[Annotator "P. Schulenburg"]
[PlyCount "61"]
[EventDate "2012.??.??"]
[Source "SG Dortmund"]
[SourceDate "2004.12.16"]

1. e4 e6 2. d4 d5 3. Nc3 Bb4 4. e5 c5 5. a3 Ba5 6. b4 cxd4 7. Nb5 Bc7 8. f4 Ne7
9. Nf3 Bd7 10. Nbxd4 a6 11. Bd3 Nbc6 12. Nb3 Bb6 13. Qe2 Qc7 14. Bd2 Nf5 15. c3
O-O 16. g4 Nh6 17. Ng5 g6 18. h4 f5 19. h5 Nxg4 20. hxg6 h6 21. Nh7 Kg7 22.
Nxf8 Rxf8 23. Rh3 Bf2+ 24. Kf1 Ne7 25. a4 Nxg6 26. b5 Qb6 27. a5 Qxb5 28. Bxb5
Bxb5 29. Rd3 Rc8 30. Rb1 Rxc3 31. Rxc3 1-0

[Event "66. BEM 2012"]
[Site "Dortmund"]
[Date "2012.02.28"]
[Round "2.2"]
[White "Rossa, Daniel"]
[Black "Jelica, Mara"]
[Result "0-1"]
[WhiteElo "1811"]
[BlackElo "2221"]
[Annotator "P. Schulenburg"]
[PlyCount "148"]
[EventDate "2012.??.??"]
[Source "SG Dortmund"]
[SourceDate "2004.12.16"]

1. d4 Nf6 2. c4 g6 3. Nf3 Bg7 4. Nc3 d5 5. e3 O-O 6. Qb3 dxc4 7. Bxc4 a6 8. a4
b6 9. O-O Nc6 10. Bd3 Bg4 11. Be2 Qd6 12. Rd1 Na5 13. Qa3 Qxa3 14. Rxa3 Rfd8
15. b4 Nb7 16. h3 Be6 17. Ng5 Bc8 18. Nge4 Ne8 19. f4 Nbd6 20. Nxd6 Rxd6 21.
Bf3 Ra7 22. Ne4 Rd8 23. Rc3 f5 24. Nf2 Bd7 25. a5 Ba4 26. Rd2 Nd6 27. Bb2 Rb8
28. Nd3 e6 29. axb6 cxb6 30. Ne5 Be8 31. Rdc2 a5 32. bxa5 bxa5 33. Ba3 Nb5 34.
Rc8 Bxe5 35. fxe5 Nxa3 36. Rxb8 Nxc2 37. Rxe8+ Kf7 38. Rh8 Kg7 39. Re8 a4 40.
Rxe6 a3 41. Bd5 Nxe3 ({Einfach gewann} 41... a2 $1 42. Bxa2 Rxa2 {usw.}) 42.
Ba2 Nc2 43. Rb6 Nxd4 44. Kf2 Rc7 45. Ke3 Nc2+ 46. Kd2 f4 47. Rb3 Ne3 48. Rxa3
Nxg2 49. Ke2 Ne3 ({Springer am Rand bringt nicht immer Schand'! Nach} 49... Nh4
$1 {harmonieren Rappe und schwarzer Freibauer bestens, und der schwarze Turm
erledigt den Rest, z.B.} 50. Kd3 f3 51. Kd2 Rc5 52. Ra7+ (52. Ra4 Rxe5 $1 53.
Rxh4 Re2+ 54. Kd3 Rxa2 $19) (52. Re3 f2 $1) 52... Kh6 53. Ra4 Kh5 54. e6 Re5
55. Bc4 Kg5 {
Weiss hat keinerlei Spiel, waehrend Schwarz seine Stellung muehelos verbessert.
}) 50. Kf3 g5 51. h4 Kg6 52. Bb1+ Kh5 53. hxg5 Kxg5 54. Ra8 Nf5 55. Bxf5 Kxf5
56. Rf8+ Kxe5 57. Re8+ (57. Rxf4 $4 Rc3+ 58. Kg4 h5+ $1 59. Kg5 Rg3+) 57... Kf5
58. Rf8+ Kg5 59. Rg8+ Kh4 60. Kxf4 Rf7+ 61. Ke3 Rf1 62. Ke2 Rf5 63. Rg1 h5 64.
Rh1+ Kg3 65. Ke1 $4 {Der Verlustzug! Der weisse Koenig wird nun um die
entscheidende Zahl von Linien vom Koenigsfluegel abgedraengt ...} 65... Kg2 66.
Rh4 Re5+ $1 67. Kd2 Kg3 68. Rh1 h4 69. Rg1+ Kf2 70. Rg8 Rd5+ 71. Kc3 h3 72.
Rf8+ Kg3 73. Kc4 Rh5 74. Kd3 h2 0-1

[Event "66. BEM 2012"]
[Site "Dortmund"]
[Date "2012.02.28"]
[Round "2.3"]
[White "Schiefelbusch, Dirk"]
[Black "Schwarz, Ingo"]
[Result "0-1"]
[WhiteElo "2048"]
[BlackElo "1784"]
[Annotator "P. Schulenburg"]
[PlyCount "75"]
[EventDate "2012.??.??"]
[Source "SG Dortmund"]
[SourceDate "2004.12.16"]

1. d4 d5 2. Nf3 Nc6 3. Bg5 h6 4. Bh4 g5 5. Bg3 Bg7 6. e3 Nf6 7. h3 Ne4 8. Bh2
g4 9. hxg4 Bxg4 10. Be2 e5 11. dxe5 Qe7 12. Nbd2 Nxe5 13. Nxe4 Bxf3 14. gxf3
dxe4 15. fxe4 Qb4+ 16. Qd2 Qxb2 17. O-O Qb6 18. Qd5 Qg6+ 19. Kh1 c6 20. Qb3 Ng4
21. Qxb7 O-O 22. Bxg4 Qxg4 23. f3 Qh5 24. Rad1 Rad8 25. Rd7 Qh3 26. Rfd1 Qxf3+
27. Kg1 Qxe3+ 28. Kf1 Rxd7 29. Qxd7 Qf3+ 30. Kg1 Qxe4 31. Qd3 Qe6 32. a3 c5 33.
Bg3 Bd4+ 34. Kg2 Re8 35. Re1 Qd5+ 36. Kh2 Rxe1 37. Bxe1 Qh5+ 38. Kg2 0-1

[Event "66. BEM 2012"]
[Site "Dortmund"]
[Date "2012.02.28"]
[Round "2.4"]
[White "Horenburg, Oliver"]
[Black "Begna, Bozidar"]
[Result "1/2-1/2"]
[WhiteElo "1762"]
[BlackElo "2000"]
[Annotator "P. Schulenburg"]
[PlyCount "60"]
[EventDate "2012.??.??"]
[Source "SG Dortmund"]
[SourceDate "2004.12.16"]

1. d4 d6 2. Nf3 Nf6 3. e3 Nbd7 4. b3 e5 5. dxe5 dxe5 6. Bb2 Bd6 7. Nbd2 Qe7 8.
Nc4 Bb4+ 9. c3 b5 10. cxb4 bxc4 11. Bxc4 Qxb4+ 12. Qd2 Qe7 13. O-O O-O 14. Qa5
c5 15. Qc7 Ne8 16. Qc6 Rb8 17. Ba6 Nd6 18. Bxc8 Rfxc8 19. Qd5 Re8 20. Rfd1 Rb6
21. Ba3 e4 22. Nd2 Nb5 23. Nc4 Nxa3 24. Nxa3 {(=)} 24... Nf6 25. Qd2 h5 26. Nc4
Ra6 27. h3 Kh7 28. Qe2 g5 29. Rd2 g4 30. h4 Re6 {(=)} 1/2-1/2